000 00310nam a22001337a 4500
008 171106b xxu||||| |||| 00| 0 eng d
020 _a9780759320475
041 _aeng
080 _a330.722.6
100 _a61
101 _aKON
245 _aINTERNATIONAL ACCOUNTING AND REPORTING
_cEVANS
942 _2udc
_cBK
999 _c37858
_d37858